000 00927nas a2200301 4500
001 BR2010002912
003 BR-BrBNA
005 20231205114243.0
007 ta
008 230509b bl.|||p| |||| 00| 00por d
040 _aBR-BrBNA
_bpor
_cBiblioteca Nacional de Agricultura
041 _a(Pt)
072 _aF01
100 1 _aPinto, C.M.F.
100 1 _aBarbosa, J.M.
100 1 _aMesquita, D.Z.
100 1 _aOliveira, F. de
100 1 _aMapeli, A.M.
100 1 _aSegatto, F.B.
100 1 _aBarbosa, J.G.
245 1 _aProdução e qualidade de pimentas ornamentais comestíveis cultivadas em recipientes de diferentes volumes
650 _aPLANTA ORNAMENTAL
650 _aPIMENTA
650 _aESTUFA
773 0 _tRevista Brasileira de Horticultura Ornamental (Brazil)
_xISSN 1809-6093
_g(2010), v. 16(1) p. 113-122
_wBR2010002912
909 _a202311
_bLúcia
_c55
_dLúcia Elande
942 _2AGRIS
_n0
_cANA
999 _c207853
_d207853